000 00837nam a2200217Ia 4500
003 GCL
008 140319s9999 xx 000 0 ara d
020 _a433200977
040 _aGCL /
_cGCL
082 0 4 _a306
_bم خ
100 1 _aمرسى عبدالعظيم الاسيوطى
245 1 0 _aخرافة الثقافة اللادينية :
_bدراسة فى اصول الثقافات الغربية بالمقارنة بالثقافة الاسلامية /
_cمرسى عبدالعظيم الاسيوطى
260 _aالقاهرة :
_bمكتبة النهضة المصرية ،
_c2004
300 _a474 ص ؛
_c28 سم
650 0 4 _aالماركسية
650 0 4 _aاليهودية
650 0 4 _aالاشتراكية
650 0 4 _aالثقافة الاسلامية
650 0 4 _aالثقافة الغربية
942 _2ddc
_cBK
999 _c57415
_d57415